LEADER 02801nam 22005175 450 001 996354143403316 005 20200826040535.0 010 $a3-11-061593-2 024 7 $a10.1515/9783110615937 035 $a(CKB)4100000011373083 035 $a(DE-B1597)499157 035 $a(DE-B1597)9783110615937 035 $a(OCoLC)1191864085 035 $a(MiAaPQ)EBC6637709 035 $a(Au-PeEL)EBL6637709 035 $a(EXLCZ)994100000011373083 100 $a20200826h20202020 fg 101 0 $aeng 135 $aur||||||||||| 181 $ctxt$2rdacontent 182 $cc$2rdamedia 183 $acr$2rdacarrier 200 00$aBody and Spirit in the Middle Ages $eLiterature, Philosophy, Medicine /$fGaia Gubbini 210 1$aBerlin ;$aBoston : $cDe Gruyter, $d[2020] 210 4$d©2020 215 $a1 online resource (VI, 284 p.) 311 $a3-11-061591-6 327 $tFrontmatter -- $tContents -- $tIntroduction -- $tLa notion philosophico-médicale de spiritus dans l'Avicenne latin -- $tSkin, the inner senses, and the readers' inner life in the Aviarium of Hugh of Fouilloy and related texts -- $tLes cinq sens, le corps et l'esprit -- $tLanguage, Soul, & Body (Parts) -- $tCorps et esprit -- $tThe Medical, the Philosophical, and the Theological Discourses on the Senses -- $tLa poésie mystique -- $tAnimae sequuntur corpora -- $tAmour, imagination et poésie dans l'oeuvre médicale de Gentile da Foligno -- $tPetrarch and the Senses -- $tMelancholy and Creativity in Petrarch -- $tBodies without Minds, Minds without Bodies -- $tLe « contact virtuel » entre un esprit et un corps et l'action à distance -- $tRetorica delle passioni 330 $aA crucial question throughout the Middle Ages, the relationship between body and spirit cannot be understood without an interdisciplinary approach - combining literature, philosophy and medicine. Gathering contributions by leading international scholars from these disciplines, the collected volume explores themes such as lovesickness, the five senses, the role of memory and passions, in order to shed new light on the complex nature of the medieval Self. 606 $aLITERARY CRITICISM / Medieval$2bisacsh 608 $aElectronic books. 610 $aBody. 610 $aFive Senses. 610 $aLovesickness. 610 $aPassions. 610 $aSpirit. 615 7$aLITERARY CRITICISM / Medieval. 686 $aEC 5127$qDE-25/sred21$2rvk 702 $aGubbini$b Gaia, $4edt$4http://id.loc.gov/vocabulary/relators/edt 712 02$aAlexander von Humboldt-Stiftung$4fnd$4http://id.loc.gov/vocabulary/relators/fnd 801 0$bDE-B1597 801 1$bDE-B1597 906 $aBOOK 912 $a996354143403316 996 $aBody and Spirit in the Middle Ages$92033746 997 $aUNISA LEADER 02731oam 22005534a 450 001 996309248203316 005 20230801192443.0 010 $a90-485-3703-7 024 7 $a10.1515/9789048537037 035 $a(CKB)4100000004836055 035 $a(MiAaPQ)EBC5434334 035 $a(DE-B1597)513247 035 $a(OCoLC)1042322259 035 $a(DE-B1597)9789048537037 035 $a(OCoLC)1111612510 035 $a(MdBmJHUP)muse76485 035 $a(oapen)https://directory.doabooks.org/handle/20.500.12854/25922.2 035 $a(EXLCZ)994100000004836055 100 $a20170619h20182018 uy 0 101 0 $aeng 135 $aurcnu|||||||| 181 $ctxt$2rdacontent 182 $cc$2rdamedia 183 $acr$2rdacarrier 200 10$aEric Rohmer's Film Theory (1948-1953)$fMarco Grosoli 210 $cAmsterdam University Press$d2018 210 1$aAmsterdam :$cAmsterdam University Press,$d[2017] 210 4$d©2018 215 $a1 online resource (301 pages) 225 0 $aFilm theory in media history 311 $a94-6298-580-4 327 $tFrontmatter --$tTable of contents --$tIntroduction --$t1. A Novelistic Art of Space --$t2. Alexandre Astruc: An Early but Decisive Influence --$t3. Under and On the Volcano: Rohmer's Conversion --$t4. The Art of Nature --$t5. Ethics at the Heart of Aesthetics --$t6. After Modernity: Rohmer's Classicism and Universalism --$tConclusion --$tAbout the Author --$tIndex of Names 330 $aIn the 1950s, a group of critics writing for Cahiers du Cinéma launched one of the most successful and influential trends in the history of film criticism: auteur theory. Though these days it is frequently usually viewed as limited and a bit old-fashioned, a closer inspection of the hundreds of little-read articles by these critics reveals that the movement rested upon a much more layered and intriguing aesthetics of cinema. This book is a first step toward a serious reassessment of the mostly unspoken theoretical and aesthetic premises underlying auteur theory, built around a reconstruction of Eric Rohmer's early but decisive leadership of the group, whereby he laid down the foundations for the eventual emergence of their full-fledged auteurism. 410 0$aFilm theory in media history. 606 $aAuteur theory (Motion pictures) 610 $aRohmer 610 $aauteurs 610 $aSartre 610 $aKant 610 $acriticism 615 0$aAuteur theory (Motion pictures) 676 $a791.4302/33092 700 $aGrosoli$b Marco$0987162 801 0$bMdBmJHUP 801 1$bMdBmJHUP 906 $aBOOK 912 $a996309248203316 996 $aEric Rohmer's Film Theory (1948-1953)$92256074 997 $aUNISA